Business Law: Self Introduction Material (Record no. 5339)

000 -LEADER
fixed length control field 00348nam a2200133Ia 4500
008 - FIXED-LENGTH DATA ELEMENTS--GENERAL INFORMATION
fixed length control field 190328s9999||||xx |||||||||||||| ||und||
082 ## - DEWEY DECIMAL CLASSIFICATION NUMBER
Item number DEC/B
100 ## - MAIN ENTRY--PERSONAL NAME
Personal name D E C G I
245 #0 - TITLE STATEMENT
Title Business Law: Self Introduction Material
260 ## - PUBLICATION, DISTRIBUTION, ETC.
Place of publication, distribution, etc. Nagaland
Name of publisher, distributor, etc. The Global Open University
300 ## - PHYSICAL DESCRIPTION
Extent 457
650 ## - SUBJECT ADDED ENTRY--TOPICAL TERM
Topical term or geographic name entry element Management/Accounts/OR/AU/OB
942 ## - ADDED ENTRY ELEMENTS (KOHA)
Koha item type Book

No items available.

All Rights Reserved@MUIT

Powered by Koha